000 00544nam a2200217Ia 4500
003 OSt
005 20220926035007.0
006 a|||||r|||| 00| 0
007 ta
008 220923b |||||||| |||| 00| 0 eng d
037 _cGeneral Book
040 _aRTL
_cRTL
_beng
041 _2eng
_aeng
082 _aX:B28, H4
100 _aGilman Stephen
_9341659
245 0 _aWhat the figures me an
260 _c1944
650 _aEconomic Statistics
942 _hX:B28, H4
_cGB
_2CC
999 _c661039
_d661039